Fallout Lore #2 - Statistics

General Stats
  • This quiz has been taken 251 times
    249 since last reset
  • The average score is 11 of 19
Answer Stats
Hint Answer % Correct
NCR New California Republic
87%
Which greaser gang runs Freeside? The Kings
79%
Which cult worships the atom bomb in the centre of Megaton? The church of atom
78%
The Tops
72%
What town does the NCR originate from? Shady sands
71%
One vault contains clones of one man. What's his name? Gary
70%
Which ruined city dominates the Capital Wasteland? Washington DC
69%
Omertas
64%
What are the four casinos in New Vegas? Gomorrah
61%
Which river divides the NCR and the Legion? The Colorado River
60%
Where does the Eastern Brotherhood of Steel operate out of? The Citadel
59%
The White Glove Society
57%
The Ultra-Luxe
55%
What building was this in the old world? The Pentagon
54%
Who are the three families of New Vegas? The Chairmen
53%
What is this virtual paradise called? Tranquility Lane
48%
Who tortures residents of his vault in a virtual paradise? Dr Braun
40%
The Lucky 38
39%
Where does the Burned Man go after being burned New Canaan
32%
No matching quizzes found
Score Distribution
Percent of People with Each Score
Percentile by Number Answered
Your Score History
You have not taken this quiz since the last reset